00193nam a2200073Ia 4500008004100000100002400041245004000065260001400105170617s9999 xx 000 0 und d aConnor’s Kenneth A 0aTextbook of pharmaceutical Analysis bC.B.S Pub